logo

Bir Sreshtho Munshi Abdur Rouf Library
Jhenaidah Cadet College

How to win friends & influence people / (Record no. 2010)

MARC details
000 -LEADER
fixed length control field 01080cam a2200313 a 4500
001 - CONTROL NUMBER
JCCL Control Number 2010
003 - CONTROL NUMBER IDENTIFIER
JCCL marc code BD-JhCC
005 - DATE AND TIME OF LATEST TRANSACTION
control field 20221212134022.0
008 - FIXED-LENGTH DATA ELEMENTS--GENERAL INFORMATION
fixed length control field 981020t19981981nyu b a 001 0 eng d
020 ## - INTERNATIONAL STANDARD BOOK NUMBER
International Standard Book Number 0671027034
035 ## - SYSTEM CONTROL NUMBER
system control number (BD-JhCC)2010
040 ## - CATALOGING SOURCE
Original cataloging agency ABG
Transcribing agency ABG
Modifying agency VET
-- BAKER
-- MYG
041 ## - LANGUAGE CODE
Language code of Book eng
050 04 - LIBRARY OF CONGRESS CALL NUMBER
Classification number BF637.S8.C37 1998
082 04 - DEWEY DECIMAL CLASSIFICATION NUMBER
Classification number 158/.1
DDC Edition number 21
Author mark and Year CAR 1998
096 ## - LOCALLY ASSIGNED NLM-TYPE CALL NUMBER (OCLC)
Classification number BF 637.S8 C289 1998
100 1# - MAIN ENTRY--PERSONAL NAME
Personal name Carnegie, Dale,
Dates associated with a name 1888-1955.
245 10 - TITLE STATEMENT
Title How to win friends & influence people /
Statement of responsibility, etc Dale Carnegie ; editorial consultant, Dorothy Carnegie ; editorial assistance, Arthur R. Pell.
246 3# - VARYING FORM OF TITLE
Title proper/short title How to win friends and influence people
250 ## - EDITION STATEMENT
Edition statement Rev. ed.
260 ## - PUBLICATION, DISTRIBUTION, ETC. (IMPRINT)
Place of publication, distribution, etc New York :
Name of publisher, distributor, etc Pocket Books,
Date of publication, distribution, etc 1998, c1981.
300 ## - PHYSICAL DESCRIPTION
Pagination xxvii, 260 p. ;
Dimensions 21 cm.
500 ## - GENERAL NOTE
General note Reprint. Originally published: New York : Simon & Schuster, 1981.
504 ## - BIBLIOGRAPHY, ETC. NOTE
Bibliography, etc Includes bibliographical references (p. 251-252) and index.
650 #0 - SUBJECT ADDED ENTRY--TOPICAL TERM
Topical term or geographic name as entry element Success.
942 ## - ADDED ENTRY ELEMENTS (KOHA)
Source of classification or shelving scheme Dewey Decimal Classification
Koha item type Books
Koha issues (borrowed), all copies 16
949 #0 - LOCAL PROCESSING INFORMATION (OCLC)
4 IP
a d
b DEW
c STACK
o 0
p 39080028571229
x 01
h BF637.S8.C37 1998
Holdings
Source of classification or shelving scheme Damaged status Not for loan Home library Current library Shelving location Date of accession Total Checkouts Full call number Barcode Checked out Date last seen Date checked out Copy number Koha item type Source of acquisition Method of acquisition Currency
Dewey Decimal Classification     JCC Rouf Library JCC Rouf Library General Stacks 10/28/2017 9 158/.1 CAR 1998 3326 02/09/2026 01/15/2026 01/15/2026 C-1 Books      
Dewey Decimal Classification     JCC Rouf Library JCC Rouf Library General Stacks 04/02/2018 4 158/.1 CAR 1998 13321   04/19/2020 03/24/2020 C-2 Books      
Dewey Decimal Classification     JCC Rouf Library JCC Rouf Library General Stacks 04/28/2019 5 158/.1 CAR 1998 14732   08/26/2025 12/07/2023 C-3 Books      
Dewey Decimal Classification     JCC Rouf Library JCC Rouf Library General Stacks   2 158.1 CAR 2023 19783 12/04/2025 11/10/2025 11/10/2025 C-4 Books With the compliments of Maj (Retd) Syed Sakhawat Hussain,07/0388/K Gift/Donation BDT

JCC Library | Contacts | JCC Home

Last Update on 23 September 2017
Copyright @ 2017-2020 JCC Rouf Library
Rouf Library, Jhenidah Cadet College (JCC), Bangladesh